[Event "Monteolivete op 3rd"]
[Site "Alboraia"]
[Date "2023.07.20"]
[Round "5"]
[White "Hlavacek, Tomas"]
[Black "Campora, Daniel Hugo"]
[Result "0-1"]
[WhiteElo "2032"]
[BlackElo "2333"]
[PlyCount "82"]
[EventDate "2023.07.17"]
[EventType "swiss"]
[EventRounds "9"]
[EventCountry "ESP"]
[SourceTitle "CBM 215 Extra"]
[Source "ChessBase"]
[SourceDate "2023.09.30"]
[SourceVersion "1"]
[SourceVersionDate "2023.09.30"]
[SourceQuality "1"]

1. e4 e5 2. Nf3 Nc6 3. Bc4 Bc5 4. c3 Nf6 5. d4 exd4 6. cxd4 Bb4+ 7. Bd2 Bxd2+ 8. Nbxd2 d5 9. exd5 Nxd5 10. Qb3 Nce7 11. 0-0 0-0 12. Rfe1 c6 13. h3 Nb6 14. Bd3 Ned5 15. a3 g6 16. Ne4 Nf4 17. Bf1 Kg7 18. Kh2 Be6 19. Qb4 Bd5 20. g3 Ne6 21. Bg2 a5 22. Qd2 Nc4 23. Qc3 Nd6 24. Nc5 Nb5 25. Qe3 Bxf3 26. Bxf3 Nbxd4 27. Rad1 Qf6 28. Nxe6+ Nxe6 29. Rd7 Rae8 30. Kg2 Ng5 31. Re7 Rxe7 32. Qxe7 Qxf3+ 33. Kf1 Qh1+ 34. Ke2 Qd5 35. Kf1 Rd8 36. b4 axb4 37. axb4 Rd7 38. Qe8 Qh1+ 39. Ke2 Qf3+ 40. Kf1 Rd2 41. Qe5+ Kh6 0-1

[Event "CZE-chT2B 2223"]
[Site "Czech Republic"]
[Date "2022.11.06"]
[Round "2.6"]
[White "Hlavacek, Tomas"]
[Black "Vales, Vaclav"]
[Result "1/2-1/2"]
[WhiteElo "2002"]
[BlackElo "2050"]
[PlyCount "90"]
[EventDate "2022.10.16"]
[EventType "team-tourn"]
[EventRounds "11"]
[EventCountry "CZE"]
[SourceTitle "EXT 2024"]
[Source "ChessBase"]
[SourceDate "2023.10.10"]
[SourceVersion "1"]
[SourceVersionDate "2023.10.10"]
[SourceQuality "1"]
[WhiteTeam "Karlovy Vary Tietz"]
[BlackTeam "Decin"]
[WhiteTeamCountry "CZE"]
[BlackTeamCountry "CZE"]

1. Nf3 d5 2. d4 Nf6 3. e3 e6 4. Bd3 b6 5. 0-0 Bd6 6. Nbd2 Bb7 7. c4 0-0 8. a3 a5 9. b3 Qe7 10. Bb2 Ne4 11. Qc2 f5 12. Ne5 Nd7 13. Nxd7 Qxd7 14. Bxe4 fxe4 15. c5 Be7 16. Rfc1 bxc5 17. dxc5 Ba6 18. b4 Bd3 19. Qd1 Rab8 20. Bc3 a4 21. Nf3 exf3 22. Qxd3 fxg2 23. Ra2 Qb5 24. Qxb5 Rxb5 25. Be5 c6 26. Kxg2 Kf7 27. Kg3 Ke8 28. f4 Bf6 29. Bd4 Rb7 30. Rb2 Kd8 31. b5 Rxb5 32. Rxb5 cxb5 33. Rb1 Kc7 34. Rxb5 Rb8 35. Rxb8 Kxb8 36. Kf3 Kb7 37. Ke2 Kc6 38. Kd3 Kb5 39. h3 Be7 40. Bxg7 Bxc5 41. Bb2 Be7 42. Bc1 Bf6 43. Bd2 e5 44. fxe5 Bxe5 45. Bb4 Bg7 1/2-1/2

[Event "CZE-chT2B 1920"]
[Site "Czech Republic"]
[Date "2020.06.18"]
[Round "10.3"]
[White "Sochor, Jiri"]
[Black "Hlavacek, Tomas"]
[Result "1/2-1/2"]
[WhiteElo "2190"]
[BlackElo "2157"]
[PlyCount "43"]
[EventDate "2019.10.13"]
[EventType "team-tourn"]
[EventRounds "11"]
[EventCountry "CZE"]
[SourceTitle "EXT 2024"]
[Source "ChessBase"]
[SourceDate "2023.10.10"]
[SourceVersion "1"]
[SourceVersionDate "2023.10.10"]
[SourceQuality "1"]
[WhiteTeam "Decin"]
[BlackTeam "Karlovy Vary Tietz II"]
[WhiteTeamCountry "CZE"]
[BlackTeamCountry "CZE"]

1. e4 e5 2. Nf3 Nc6 3. Bb5 a6 4. Bxc6 dxc6 5. d4 exd4 6. Qxd4 Qxd4 7. Nxd4 Bd6 8. Be3 Bd7 9. Nd2 0-0-0 10. 0-0-0 f6 11. f4 Nh6 12. h3 Rhe8 13. Rde1 Nf7 14. N4f3 b6 15. g3 c5 16. Bf2 Bc6 17. h4 Re6 18. Re2 Rde8 19. Rhe1 a5 20. c4 h5 21. Kc2 Nh6 22. Kd3 1/2-1/2

[Event "CZE-chT2B 1920"]
[Site "Czech Republic"]
[Date "2020.02.23"]
[Round "9.4"]
[White "Kudrlicka, Ladislav"]
[Black "Hlavacek, Tomas"]
[Result "1/2-1/2"]
[WhiteElo "2033"]
[BlackElo "2157"]
[PlyCount "68"]
[EventDate "2019.10.13"]
[EventType "team-tourn"]
[EventRounds "11"]
[EventCountry "CZE"]
[SourceTitle "EXT 2024"]
[Source "ChessBase"]
[SourceDate "2023.10.10"]
[SourceVersion "1"]
[SourceVersionDate "2023.10.10"]
[SourceQuality "1"]
[WhiteTeam "Teplice"]
[BlackTeam "Karlovy Vary Tietz II"]
[WhiteTeamCountry "CZE"]
[BlackTeamCountry "CZE"]

1. d4 d5 2. Nf3 Nf6 3. c4 dxc4 4. Nc3 e6 5. e3 a6 6. a4 c5 7. Bxc4 Nc6 8. 0-0 cxd4 9. exd4 Be7 10. Bf4 0-0 11. Qd2 Nb4 12. Ne5 Nbd5 13. Nxd5 Nxd5 14. Bg3 Bd7 15. Bxd5 exd5 16. Nxd7 Qxd7 17. Rfc1 Rac8 18. Qa5 Bd8 19. Qb4 Bg5 20. Rxc8 Rxc8 21. Qb3 h6 22. h3 Rc4 23. Qd1 Qc6 24. b3 Rc2 25. Rb1 Rd2 26. Qg4 Qc2 27. Re1 f5 28. Qh5 Rxd4 29. Re8+ Kh7 30. Qf7 Rd1+ 31. Kh2 Bf6 32. Rf8 Qc1 33. Qg8+ Kg6 34. Qf7+ Kh7 1/2-1/2

[Event "Harrachov op"]
[Site "Prichovice"]
[Date "2019.10.30"]
[Round "5"]
[White "Jun, Rudolf Jr"]
[Black "Hlavacek, Tomas"]
[Result "1-0"]
[WhiteElo "2105"]
[BlackElo "2157"]
[PlyCount "113"]
[EventDate "2019.10.26"]
[EventType "swiss"]
[EventRounds "9"]
[EventCountry "CZE"]
[SourceTitle "CBM 192 Extra"]
[Source "Chessbase"]
[SourceDate "2019.11.06"]
[SourceVersion "1"]
[SourceVersionDate "2019.11.06"]
[SourceQuality "1"]

1. e4 e5 2. Nf3 Nc6 3. Nc3 g6 4. d4 exd4 5. Nd5 Bg7 6. Bg5 Nce7 7. Nxd4 c6 8. Nxe7 Nxe7 9. Qd2 h6 10. Be3 d5 11. exd5 Nxd5 12. 0-0-0 Nxe3 13. Qxe3+ Qe7 14. Qxe7+ Kxe7 15. Bc4 Re8 16. Rhe1+ Kf8 17. Rxe8+ Kxe8 18. a4 a5 19. f3 Bf6 20. Ne2 Be7 21. Nc3 f5 22. Ne2 Bd7 23. Nd4 Bg5+ 24. Kb1 Ke7 25. g3 Bf6 26. Re1+ Kd6 27. Ne6 b5 28. Rd1+ Ke7 29. axb5 cxb5 30. Nc7 Rc8 31. Nd5+ Kf7 32. Nb6+ bxc4 33. Rxd7+ Ke6 34. Nxc8 Kxd7 35. Nb6+ Kc6 36. Nxc4 Kb5 37. Ne3 Bd4 38. Nd5 Bc5 39. b3 g5 40. g4 Kc6 41. Nf6 Bd4 42. Ng8 fxg4 43. fxg4 Bg7 44. Ne7+ Kd7 45. Nf5 Bf8 46. Kc1 Ke6 47. Kd2 h5 48. h3 Ke5 49. Ke3 Bc5+ 50. Kf3 h4 51. c3 Ba3 52. Ne3 Bc1 53. Nc4+ Kd5 54. Nxa5 Bd2 55. c4+ Kd6 56. Nb7+ Kc6 57. Nd8+ 1-0

[Event "Harrachov op"]
[Site "Prichovice"]
[Date "2019.10.28"]
[Round "3"]
[White "Hlavacek, Tomas"]
[Black "Nagy, Ladislav1111"]
[Result "1/2-1/2"]
[WhiteElo "2157"]
[BlackElo "2140"]
[PlyCount "59"]
[EventDate "2019.10.26"]
[EventType "swiss"]
[EventRounds "9"]
[EventCountry "CZE"]
[SourceTitle "CBM 192 Extra"]
[Source "Chessbase"]
[SourceDate "2019.11.06"]
[SourceVersion "1"]
[SourceVersionDate "2019.11.06"]
[SourceQuality "1"]

1. Nf3 Nf6 2. d4 e6 3. e3 b6 4. Be2 Bb7 5. 0-0 Be7 6. c4 0-0 7. Nc3 d5 8. b3 Nbd7 9. Bb2 c5 10. Rc1 Rc8 11. cxd5 exd5 12. Bd3 Ne4 13. Qe2 Qc7 14. Rfd1 Ndf6 15. h3 Qb8 16. Bb1 Rfd8 17. dxc5 bxc5 18. Nxe4 Nxe4 19. Bxe4 dxe4 20. Nd2 Bf8 21. Qg4 Rc6 22. Nxe4 Rg6 23. Qf5 Re8 24. Ng5 f6 25. Nf3 Be4 26. Qh5 Rh6 27. Qg4 Rg6 28. Qh5 Rh6 29. Qg4 Rg6 30. Qh5 1/2-1/2

[Event "Calvia Amateur op 16th"]
[Site "Calvia"]
[Date "2019.10.08"]
[Round "4"]
[White "Hlavacek, Tomas"]
[Black "Aguado Doncel, Pablo Luis"]
[Result "1/2-1/2"]
[WhiteElo "2157"]
[BlackElo "2037"]
[PlyCount "156"]
[EventDate "2019.10.05"]
[EventType "swiss"]
[EventRounds "9"]
[EventCountry "ESP"]
[SourceTitle "CBM 192 Extra"]
[Source "Chessbase"]
[SourceDate "2019.11.06"]
[SourceVersion "1"]
[SourceVersionDate "2019.11.06"]
[SourceQuality "1"]

1. Nf3 d5 2. d4 Nf6 3. e3 e6 4. Bd3 c5 5. c3 Be7 6. 0-0 0-0 7. Nbd2 Nbd7 8. Re1 b6 9. e4 dxe4 10. Nxe4 Bb7 11. Qc2 Rc8 12. dxc5 Bxe4 13. Bxe4 Nxc5 14. Nd2 Nfxe4 15. Nxe4 Qd3 16. Qe2 Rfd8 17. Bf4 Qxe2 18. Rxe2 Nd3 19. Be3 f5 20. Bg5 Bxg5 21. Nxg5 Nf4 22. Rc2 Rd6 23. g3 Ng6 24. Re1 e5 25. Nf3 e4 26. Rd2 Rxd2 27. Nxd2 Ne5 28. Re2 Rd8 29. Kg2 Rd3 30. Kf1 Nf3 31. Nxf3 exf3 32. Re1 Rd2 33. Rb1 Kf7 34. h4 Kg6 35. a4 Kh5 36. c4 a5 37. Ke1 Re2+ 38. Kf1 Rc2 39. b3 Kg4 40. Ke1 f4 41. gxf4 Kxh4 42. b4 Re2+ 43. Kf1 Rc2 44. Ke1 Rxc4 45. bxa5 bxa5 46. Rb7 Rxf4 47. Rxg7 h5 48. Rg3 Rxa4 49. Rxf3 Kg4 50. Rg3+ Kf5 51. Rh3 h4 52. Kf1 Kg4 53. Kg2 Rb4 54. Rc3 a4 55. Rc8 a3 56. Ra8 Rb3 57. Ra4+ Kg5 58. Ra5+ Kf6 59. f3 Ke6 60. Rh5 Rb2+ 61. Kh3 Ra2 62. Rxh4 Ra1 63. Ra4 Kd5 64. Kg2 Kc5 65. f4 Kb5 66. Ra8 Kb4 67. Re8 Kc3 68. Rc8+ Kb2 69. Rb8+ Ka2 70. Kf3 Rb1 71. Ra8 Rb3+ 72. Ke4 Kb2 73. f5 a2 74. Rxa2+ Kxa2 75. Ke5 Rf3 76. f6 Kb3 77. Ke6 Kc4 78. f7 Rxf7 1/2-1/2

[Event "Calvia Amateur op 16th"]
[Site "Calvia"]
[Date "2019.10.07"]
[Round "3"]
[White "Perez Bolanos, Joel"]
[Black "Hlavacek, Tomas"]
[Result "0-1"]
[WhiteElo "1916"]
[BlackElo "2157"]
[PlyCount "60"]
[EventDate "2019.10.05"]
[EventType "swiss"]
[EventRounds "9"]
[EventCountry "ESP"]
[SourceTitle "CBM 192 Extra"]
[Source "Chessbase"]
[SourceDate "2019.11.06"]
[SourceVersion "1"]
[SourceVersionDate "2019.11.06"]
[SourceQuality "1"]

1. e4 e5 2. Nf3 Nc6 3. d4 exd4 4. Bc4 Nf6 5. 0-0 Bc5 6. e5 d5 7. exf6 dxc4 8. Re1+ Be6 9. fxg7 Rg8 10. Ng5 Qd5 11. Nc3 Qf5 12. Nb5 0-0-0 13. Nxe6 fxe6 14. Na3 Bxa3 15. bxa3 Rxg7 16. Qe2 Rg6 17. Rb1 Qd5 18. g3 d3 19. cxd3 Nd4 20. Qe4 Nf3+ 21. Kf1 Nxe1 22. Qxd5 Rxd5 23. dxc4 Re5 24. Bf4 Nd3 25. Bxe5 Nxe5 26. Rb4 c5 27. Ra4 Nc6 28. Ke2 b6 29. Kf3 Rf6+ 30. Ke3 Kb7 0-1

[Event "CZE-chT2B 1819"]
[Site "Czech Republic"]
[Date "2019.02.10"]
[Round "8.5"]
[White "Satransky, Jaroslav"]
[Black "Hlavacek, Tomas"]
[Result "1/2-1/2"]
[WhiteElo "2200"]
[BlackElo "2044"]
[PlyCount "121"]
[EventDate "2018.10.14"]
[EventType "team-tourn"]
[EventRounds "11"]
[EventCountry "CZE"]
[SourceTitle "EXT 2022"]
[Source "ChessBase"]
[SourceDate "2021.10.06"]
[SourceVersion "1"]
[SourceVersionDate "2021.10.06"]
[SourceQuality "1"]
[WhiteTeam "Kladno"]
[BlackTeam "Karlovy Vary Tietz II"]
[WhiteTeamCountry "CZE"]
[BlackTeamCountry "CZE"]

1. e4 e5 2. Nc3 d6 3. Bc4 Nf6 4. d3 Be7 5. f4 Nc6 6. f5 Na5 7. Nf3 Nxc4 8. dxc4 g6 9. fxg6 hxg6 10. Bg5 Be6 11. Qe2 Nh5 12. Bxe7 Qxe7 13. 0-0-0 Nf4 14. Qf1 0-0-0 15. h4 Bg4 16. g3 Nh5 17. Qf2 b6 18. Rd3 Be6 19. Nd5 Bxd5 20. cxd5 f5 21. Ra3 a5 22. Ng5 f4 23. gxf4 Nxf4 24. Qf3 Kb7 25. Qf1 Ra8 26. Qc4 Qd7 27. Rc3 Rae8 28. Kb1 Rh5 29. Nf3 Rf8 30. a3 Rc8 31. Rg1 c5 32. dxc6+ Rxc6 33. Qb5 Qc7 34. Rxc6 Qxc6 35. Qxc6+ Kxc6 36. b3 d5 37. Re1 Ng2 38. exd5+ Kxd5 39. c4+ Kd6 40. Re4 Rf5 41. Rg4 Rxf3 42. Rxg6+ Kc5 43. Rxg2 Rxb3+ 44. Ka2 Rh3 45. Rg4 a4 46. Kb2 Rf3 47. Re4 Kd6 48. c5+ bxc5 49. Rxa4 Kd5 50. Kc2 e4 51. Ra8 Rh3 52. a4 Rxh4 53. a5 Rh2+ 54. Kc3 Rh3+ 55. Kd2 Ra3 56. a6 Kc4 57. a7 Ra4 58. Ke3 Kc3 59. Rc8 Rxa7 60. Rxc5+ Kb4 61. Re5 1/2-1/2

[Event "Tatry op"]
[Site "Tatranska Lomnica"]
[Date "2017.10.14"]
[Round "8"]
[White "Hlavacek, Tomas"]
[Black "Ramik, Zdenek"]
[Result "0-1"]
[WhiteElo "2019"]
[BlackElo "2179"]
[PlyCount "58"]
[EventDate "2017.10.08"]
[EventType "swiss"]
[EventRounds "9"]
[EventCountry "SVK"]
[SourceTitle "CBM 181 Extra"]
[Source "ChessBase"]
[SourceDate "2017.12.12"]
[SourceVersion "1"]
[SourceVersionDate "2017.12.12"]
[SourceQuality "1"]

1. e4 e5 2. Nf3 d6 3. d4 exd4 4. Nxd4 Nf6 5. Nc3 Be7 6. Be2 0-0 7. Be3 Nc6 8. Nxc6 bxc6 9. 0-0 Nd7 10. f4 Bf6 11. Qe1 Rb8 12. Rb1 c5 13. b3 Bb7 14. Bf3 Re8 15. Bd2 Bd4+ 16. Kh1 Nf6 17. e5 dxe5 18. Qh4 e4 19. Be2 e3 20. Be1 Ne4 21. Qxd8 Rbxd8 22. Na4 Nd2 23. Bxd2 exd2 24. Bd3 Be4 25. Bxe4 Rxe4 26. c3 Rde8 27. cxd4 Re1 28. Nc3 cxd4 29. Kg1 dxc3 0-1

[Event "CZE-chT2A 1617"]
[Site "Czech Republic"]
[Date "2016.10.30"]
[Round "2.2"]
[White "Pribyl, Josef"]
[Black "Hlavacek, Tomas"]
[Result "1/2-1/2"]
[WhiteElo "2258"]
[BlackElo "2021"]
[PlyCount "94"]
[EventDate "2016.10.09"]
[EventType "team-tourn"]
[EventRounds "11"]
[EventCountry "CZE"]
[SourceTitle "EXT 2022"]
[Source "ChessBase"]
[SourceDate "2021.10.06"]
[SourceVersion "1"]
[SourceVersionDate "2021.10.06"]
[SourceQuality "1"]
[WhiteTeam "Praha Dopravni podnik"]
[BlackTeam "Karlovy Vary Tietz II"]
[WhiteTeamCountry "CZE"]
[BlackTeamCountry "CZE"]

1. c4 e5 2. Nc3 Nc6 3. g3 g6 4. Bg2 Bg7 5. Nf3 Nge7 6. 0-0 0-0 7. d3 d6 8. Rb1 a5 9. a3 Rb8 10. b4 axb4 11. axb4 Bg4 12. h3 Bxf3 13. Bxf3 Nd4 14. Bg2 h6 15. e3 Ne6 16. b5 b6 17. Nd5 Kh7 18. f4 f5 19. Kh2 Nc5 20. d4 Nd7 21. Bb2 e4 22. Nb4 Ra8 23. Qb3 Qb8 24. Ra1 Qb7 25. Rfe1 Rxa1 26. Rxa1 Nf6 27. Bf1 Ra8 28. Rxa8 Qxa8 29. Na6 c5 30. dxc5 dxc5 31. Qd1 Qb7 32. Be5 Qd7 33. Qxd7 Nxd7 34. Bc7 Nc8 35. Nb8 Nxb8 36. Bxb8 Bc3 37. Kg2 Kg7 38. Kf2 Kf6 39. g4 Ke6 40. Be2 Kd7 41. gxf5 gxf5 42. Bh5 Ne7 43. Bf7 Nc8 44. Bd5 Nd6 45. Bxd6 Kxd6 46. Bb7 Ke7 47. Bc8 Kf6 1/2-1/2

[Event "CZE-chT2A 1415"]
[Site "Czech Republic"]
[Date "2014.12.14"]
[Round "4.3"]
[White "Falout, Lubos"]
[Black "Hlavacek, Tomas"]
[Result "1/2-1/2"]
[WhiteElo "2131"]
[BlackElo "2037"]
[PlyCount "159"]
[EventDate "2014.11.02"]
[EventType "team-tourn"]
[EventRounds "11"]
[EventCountry "CZE"]
[SourceTitle "EXT 2022"]
[Source "ChessBase"]
[SourceDate "2021.10.06"]
[SourceVersion "1"]
[SourceVersionDate "2021.10.06"]
[SourceQuality "1"]
[WhiteTeam "Plzen Letna"]
[BlackTeam "Karlovy Vary II"]
[WhiteTeamCountry "CZE"]
[BlackTeamCountry "CZE"]

1. e4 e5 2. Nf3 Nc6 3. Bb5 a6 4. Ba4 Nf6 5. 0-0 Be7 6. d4 exd4 7. e5 Ne4 8. Re1 Nc5 9. Bxc6 dxc6 10. Nxd4 0-0 11. Nc3 Re8 12. Be3 Bf8 13. f4 f6 14. Qf3 fxe5 15. fxe5 Rxe5 16. Rf1 Qe8 17. Bf4 Re7 18. Qg3 Qg6 19. Bxc7 Qxg3 20. Bxg3 Ne4 21. Nxe4 Rxe4 22. Rae1 Rxe1 23. Rxe1 Bd7 24. Nb3 Re8 25. Rd1 Bf5 26. Rd2 g6 27. c3 Bh6 28. Rd1 Bg4 29. Rd6 Re2 30. h3 Bf5 31. Rd8+ Kf7 32. Rb8 Be3+ 33. Kf1 Rxb2 34. Rxb7+ Kf6 35. Nc5 Rxa2 36. Rc7 Kg5 37. Rxc6 Ra5 38. Ne6+ Kh6 39. Bf4+ Bxf4 40. Nxf4 Ra2 41. g4 Bd7 42. Rc7 Bb5+ 43. c4 Ba4 44. Ne6 g5 45. Rc5 Bc2 46. Rxg5 Bd3+ 47. Kg1 Bxc4 48. Rh5+ Kg6 49. Nf8+ Kg7 50. Nxh7 Bf7 51. Rh4 Ra5 52. g5 Bg6 53. Nf6 Rxg5+ 54. Ng4 a5 55. Kf2 a4 56. Ne3 Ra5 57. Nc4 Ra6 58. Na3 Be8 59. Ke3 Rb6 60. Rd4 Rh6 61. h4 Rg6 62. Rf4 Bc6 63. Rc4 Kh6 64. Kd2 Bd7 65. Rd4 Bc6 66. Kc3 Kh5 67. Nc4 Rg3+ 68. Rd3 Rg7 69. Rd4 Ra7 70. Na3 Rb7 71. Rb4 Ra7 72. Rc4 Bd7 73. Rd4 Bg4 74. Nb5 Ra8 75. Kb4 Kxh4 76. Ka3 Kg3 77. Rxa4 Rxa4+ 78. Kxa4 Bd7 79. Kb4 Bxb5 80. Kxb5 1/2-1/2

[Event "CZE-chT2A 1415"]
[Site "Czech Republic"]
[Date "2014.11.30"]
[Round "3.3"]
[White "Hlavacek, Tomas"]
[Black "Muron, Miroslav"]
[Result "0-1"]
[WhiteElo "2037"]
[BlackElo "2223"]
[PlyCount "96"]
[EventDate "2014.11.02"]
[EventType "team-tourn"]
[EventRounds "11"]
[EventCountry "CZE"]
[SourceTitle "EXT 2022"]
[Source "ChessBase"]
[SourceDate "2021.10.06"]
[SourceVersion "1"]
[SourceVersionDate "2021.10.06"]
[SourceQuality "1"]
[WhiteTeam "Karlovy Vary II"]
[BlackTeam "Praha Dukla"]
[WhiteTeamCountry "CZE"]
[BlackTeamCountry "CZE"]

1. e4 e5 2. Nf3 Nc6 3. Bc4 Nf6 4. Ng5 d5 5. exd5 Na5 6. Bb5+ c6 7. dxc6 bxc6 8. Qf3 Bb7 9. Bd3 h6 10. Ne4 Nd5 11. 0-0 Be7 12. Qg3 Qc7 13. Qxg7 0-0-0 14. Qg4+ Kb8 15. Ng3 h5 16. Qf3 Nf4 17. Be4 h4 18. Ne2 f5 19. Bxf5 Rdf8 20. Be4 Rhg8 21. Nxf4 Rxf4 22. Qd3 Rxe4 23. f3 Rf4 24. Qe2 h3 25. g3 e4 26. d3 Rxf3 27. Rxf3 exf3 28. Qf2 c5 29. Nd2 Bd6 30. Nf1 Nc6 31. Bd2 Ne5 32. Ne3 Ng4 33. Nxg4 Rxg4 34. Kf1 c4 35. Re1 Rg8 36. Re6 Ka8 37. Be3 cxd3 38. cxd3 Bd5 39. Rh6 Qc6 40. Rxh3 Qa6 41. Qd2 Bb4 42. Qd1 Qxa2 43. Qc1 Qa6 44. Qd1 Re8 45. Bf2 Qe6 46. g4 Qe2+ 47. Qxe2 fxe2+ 48. Kg1 Bc5 0-1

[Event "CZE-chT2A 1415"]
[Site "Czech Republic"]
[Date "2014.11.02"]
[Round "1.4"]
[White "Bartos, Jan"]
[Black "Hlavacek, Tomas"]
[Result "1-0"]
[WhiteElo "2194"]
[BlackElo "2037"]
[PlyCount "115"]
[EventDate "2014.11.02"]
[EventType "team-tourn"]
[EventRounds "11"]
[EventCountry "CZE"]
[SourceTitle "EXT 2022"]
[Source "ChessBase"]
[SourceDate "2021.10.06"]
[SourceVersion "1"]
[SourceVersionDate "2021.10.06"]
[SourceQuality "1"]
[WhiteTeam "Praha Kobylisy"]
[BlackTeam "Karlovy Vary II"]
[WhiteTeamCountry "CZE"]
[BlackTeamCountry "CZE"]

1. d4 d5 2. c4 c6 3. e3 Nf6 4. Nf3 e6 5. Nbd2 Bd6 6. Bd3 Nbd7 7. 0-0 0-0 8. e4 e5 9. cxd5 cxd5 10. Re1 Re8 11. exd5 exd4 12. Rxe8+ Nxe8 13. Nc4 Ndf6 14. Nxd6 Qxd6 15. Nxd4 Qxd5 16. Be2 Nd6 17. Bf4 Nde4 18. Nb5 Qxd1+ 19. Rxd1 Bd7 20. f3 Nc5 21. Be3 Re8 22. Kf2 Ne6 23. Nxa7 Ra8 24. b3 Nc7 25. a4 Ncd5 26. Bd4 Be6 27. Nb5 Nf4 28. Nc7 Rc8 29. Nxe6 Nxe2 30. Kxe2 fxe6 31. Rd2 Nd5 32. Kd1 Kf7 33. Rc2 Rd8 34. Ke1 Rd7 35. g3 g6 36. Ke2 Ke7 37. Bc5+ Kd8 38. a5 Rf7 39. b4 Rf5 40. b5 Kc8 41. f4 Rf7 42. a6 bxa6 43. bxa6 Rc7 44. a7 Nb6 45. Rb2 Rxa7 46. Bxb6 Ra4 47. Ke3 Kd7 48. Bd4 Kd6 49. Ke4 h6 50. Rb6+ Ke7 51. Rb7+ Kd6 52. Ra7 Rc4 53. Rh7 h5 54. Rh6 Rc2 55. h4 Ke7 56. Rxg6 Kf7 57. Rg7+ Kf8 58. Rg5 1-0

[Event "CZE-chT1W 1314"]
[Site "Czech Republic"]
[Date "2014.04.13"]
[Round "11.8"]
[White "Hlavacek, Tomas"]
[Black "Dubansky, Bohuslav"]
[Result "1-0"]
[WhiteElo "2009"]
[BlackElo "2248"]
[PlyCount "105"]
[EventDate "2013.10.20"]
[EventType "team-tourn"]
[EventRounds "11"]
[EventCountry "CZE"]
[SourceTitle "EXT 2015"]
[Source "ChessBase"]
[SourceDate "2014.11.20"]
[SourceVersion "1"]
[SourceVersionDate "2014.11.20"]
[SourceQuality "1"]
[WhiteTeam "Karlovy Vary"]
[BlackTeam "Praha Bohemians"]
[WhiteTeamCountry "CZE"]
[BlackTeamCountry "CZE"]

1. e4 e6 2. d4 d5 3. Nc3 dxe4 4. Nxe4 Nd7 5. Nf3 Ngf6 6. Nxf6+ Nxf6 7. Bg5 Be7 8. Bd3 0-0 9. 0-0 b6 10. c3 Bb7 11. Bxf6 Bxf6 12. Re1 Rc8 13. Re3 c5 14. dxc5 Rxc5 15. Qc2 g6 16. Rae1 Qc7 17. Be4 Rd8 18. Bxb7 Qxb7 19. Rd3 Rxd3 20. Qxd3 Rd5 21. Qe2 Qd7 22. c4 Rd3 23. h3 Qd6 24. b3 h6 25. Rc1 Bc3 26. g3 f5 27. Rc2 e5 28. Kh2 e4 29. Ne1 Be5 30. f4 Bxf4 31. Nxd3 Bxg3+ 32. Kg2 exd3 33. Qe8+ Kg7 34. Rd2 Bh4 35. Qe3 f4 36. Qf3 Qe5 37. Rxd3 h5 38. Rd2 Qg5+ 39. Kh1 Qf5 40. Re2 Bf6 41. Kh2 Bh4 42. Qd5 Qf8 43. Qd7+ Kh6 44. Qe8 Qf6 45. Qe5 Qf8 46. Re4 Bg3+ 47. Kg2 h4 48. Kf3 Qd8 49. Rd4 Qa8+ 50. Rd5 a5 51. Qg5+ Kh7 52. Qe7+ Kh6 53. Qd8 1-0

[Event "CZE-chT2A 1314"]
[Site "Czech Republic"]
[Date "2014.03.02"]
[Round "9.4"]
[White "Hlavacek, Tomas"]
[Black "Nguyen, Thai Dai Van"]
[Result "0-1"]
[WhiteElo "2009"]
[BlackElo "2176"]
[PlyCount "120"]
[EventDate "2013.11.03"]
[EventType "team-tourn"]
[EventRounds "11"]
[EventCountry "CZE"]
[SourceTitle "EXT 2015"]
[Source "ChessBase"]
[SourceDate "2014.11.20"]
[SourceVersion "1"]
[SourceVersionDate "2014.11.20"]
[SourceQuality "1"]
[WhiteTeam "Karlovy Vary II"]
[BlackTeam "Postovni sporitelna II"]
[WhiteTeamCountry "CZE"]
[BlackTeamCountry "CZE"]

1. e4 c5 2. Nf3 d6 3. g3 Nf6 4. d3 Nc6 5. Bg2 e6 6. 0-0 Be7 7. a4 0-0 8. Bd2 Rb8 9. Na3 b6 10. Re1 Bb7 11. c3 Ne5 12. Nxe5 dxe5 13. Bg5 Ne8 14. Bxe7 Qxe7 15. Nc4 f6 16. Qb3 Nd6 17. Ne3 Kh8 18. Bh3 Rfe8 19. Qa3 Rbd8 20. Red1 Nf7 21. a5 Ng5 22. Bg2 b5 23. h4 Nf7 24. Qb3 a6 25. Bh3 Nd6 26. f3 Bc6 27. Kh2 f5 28. Qc2 f4 29. Ng4 fxg3+ 30. Kxg3 Nf7 31. Qf2 Rf8 32. Qe3 h5 33. Nf2 Nh6 34. Qg5 Rf6 35. Qxh5 Rdf8 36. Ng4 Rxf3+ 37. Kg2 Be8 38. Qg5 Qxg5 39. hxg5 Nxg4 40. Bxg4 Rf2+ 41. Kg3 g6 42. Rh1+ Kg7 43. Rh3 Rd2 44. Bxe6 Rxd3+ 45. Kg2 Rd2+ 46. Kg1 Rff2 47. Bc8 Rg2+ 48. Kh1 Bc6 49. Re1 Rxg5 50. Bxa6 Rg4 51. Rhe3 Rd8 52. Kh2 Ra8 53. Bxb5 Bxb5 54. b4 cxb4 55. cxb4 Rd8 56. Rc1 Rd2+ 57. Kh3 Rg5 58. Kh4 Kh6 59. Rh3 Bd7 60. Rhh1 Rd3 0-1